Understanding reading-comprehension processes and practices

Guardat en:
Dades bibliogràfiques
Autor principal: TENNENT, Wayne
Format: Llibre
Idioma:anglès
Publicat: Sage Publications 2015
Etiquetes: Afegir etiqueta
Sense etiquetes, Sigues el primer a etiquetar aquest registre!

MARC

LEADER 00000nam a22000007a 4500
008 210325b ||||| |||| 00| 0 eng d
020 |a 978-1-4462-7318-0 
100 |a TENNENT, Wayne. 
245 |a Understanding reading-comprehension  |b processes and practices  |c Wayne Tennent  |g ix; 210p.; ill. 
260 |b Sage Publications   |c 2015  |h Los Angeles  |i 692315  |i 692316  |l LB1050.45 .T25  |m Reading comprehension.  |m Reading, Psychology of. 
500 |a “It includes references and index” 
942 |a lcc  |c BK  |e YUNUSA, A.A.  |f 25/3/21 
952 |0 0  |1 0  |2 lcc  |4 0  |6 LB105045 T25  |7 0  |9 1987  |a HOL  |b ED  |c LP  |d 2021-03-25  |l 0  |o LB1050.45 .T25  |p 2021-5848  |r 2021-03-25 00:00:00  |w 2021-03-25  |y BK 
952 |0 0  |1 0  |2 lcc  |4 0  |6 LB105045 T25  |7 0  |9 1988  |a HOL  |b HOL  |c LP  |d 2021-03-25  |l 0  |o LB1050.45 .T25  |p 2021-5849  |r 2021-03-25 00:00:00  |w 2021-03-25  |y BK 
999 |c 1041  |d 1041